zpět

Detail výsledku týmu

The Pub Praha 2 ST, Praha

Datum a čas kvízu

29.5 Celkem bodů Celkový počet nahraných bodů na tomto kvízu bez doplňovacích otázek.
7. Pořadí na kvízu Konečné umístění týmu na tomto kvízu.

Zaznamenané odpovědi

# Otázka Odpověď Body Výsledky
1. Pražský magistrát již v létě p... My, Praha 1
2. Britský deník The Times zveřej... Mikuláš Minář 1
3. Jedné americké herečce byl zab... Sharon Stone 0
4. Bývalý šéf jisté japonské auto... Nissan 1
5. Kolik fanoušků sledovalo v Drá... 30 000 diváků 1
6. 1. ledna došlo ke zvýšení rodi... 300 000 Kč 1
7. V jednom z francouzských zámoř... Nová Kaledonie 0
8. 25. ledna začíná čínský rok __... kovové 0
9. Nejbezpečnějšími aerolinkami p... Qantas 1
10. V červenci a srpnu se v Japons... D 1